000
00433 a2200181 4500
245
_a
Ostéopathies déminéralisantes : à l'exception des ostéopathies endocriniennes
100
_a
Epiney, J.
700
_a
Courvoisier, B.
700
_a
Martin, E.
260
_c
1969
300
_a
63 p.
035
_a
0319
035
_a
0320
035
_a
7885
999
_c
17554
_d
17554